载入...

Animal communication /

书目详细资料
主要作者: HubertFrings M
格式: Printed Book
语言:English
出版: Blaisdell c1964.
LEADER 00334nam a2200109Ia 4500
008 130611s9999 xx 000 0 eng d
100 |a HubertFrings M 
245 |a Animal communication / 
260 |b Blaisdell  |c c1964. 
942 |c BK 
999 |c 128785  |d 128785 
952 |0 0  |1 0  |4 0  |7 0  |9 142170  |a ZOO  |b ZOO  |c ST1  |d 2013-06-11  |l 0  |p ZOO916  |r 2013-06-11  |w 2013-06-11  |y BK